Les 20 villes les plus peuplées des Pyrénées-Atlantiques (64) - Statistiques

Statistiques générales
  • Ce quiz a été pris 80 fois
  • Le résultat moyen est 12 sur 20
Statistiques - réponses
HINT HINT ANSWER % Correct
78 620 P Pau
100%
53 312 B Bayonne
99%
25 810 B Biarritz
99%
42 288 A Anglet
92%
18 074 H Hendaye
92%
14 690 S Saint-Jean-de-Luz
80%
10 836 O Orthez
72%
10 594 U Urrugne
62%
7 674 B Bidart
59%
10 658 O Oloron-Sainte-Marie
58%
13 708 L Lons
53%
9 540 L Lescar
47%
14 037 B Billère
43%
7 684 U Ustaritz
42%
8 934 B Boucau
41%
7 063 J Jurançon
38%
7 615 H Hasparren
36%
6 715 C Cambo-les-Bains
27%
5 957 C Ciboure
23%
7 238 S Saint-Pée-sur-Nivelle
12%
Aucun quiz correspondant
Distribution des résultats
% des personnes avec chaque résultat
Percentile par nombre de réponses
Votre historique - résultats
Vous n’avez pas pris ce quiz